000 00456cam a2200145 4500500
005 20260322014141.0
041 _afre
042 _adc
100 1 0 _aChampion, Yannick
_eauthor
245 0 0 _aAmorphous metal alloys
260 _c2026.
500 _a94
786 0 _nStudies and properties of metals | - | 2026-03-05 | p. 3-3
856 4 1 _uhttps://stm.cairn.info/advanced-metallic-materials--bdti42660210-m4025-page-3?lang=en&redirect-ssocas=7080
999 _c1786740
_d1786740